000 00288nam a2200121Ia 4500
008 190216s9999||||xx |||||||||||||| ||und||
100 _aIra Krakow
245 0 _aLotus 123 Self Taught
260 _bPentice Hall Of India
_c1993
300 _a475p
650 _aComputer Science
942 _cBK
999 _c8611
_d8611